Солнце: избранные стихотворения

Bibliografski detalji
Glavni autor: Белый А. Андрей
Jezik:ruski
Izdano: Москва, Детская литература, 1992
Teme:
Format: MixedMaterials Knjiga
KOHA link:https://koha.lib.tpu.ru/cgi-bin/koha/opac-detail.pl?biblionumber=103905

MARC

LEADER 00000nam0a2200000 4500
001 103905
005 20231101214521.0
010 |a 5080009136 
035 |a (RuTPU)RU\TPU\book\112010 
035 |a RU\TPU\book\22756 
090 |a 103905 
100 |a 20061024d2000 e y0rusy50 ca 
101 0 |a rus 
102 |a RU 
105 |a a z 000ay 
200 1 |a Солнце  |e избранные стихотворения  |f А. Белый 
210 |a Москва  |c Детская литература  |d 1992 
215 |a 256 с. 
610 1 |a русская литература 
610 1 |a стихи 
610 1 |a поэзия 
675 |a Р2  |v 3 
700 1 |a Белый  |b А.  |c русский писатель, поэт  |c символист  |c настоящие имя и фамилия Бугаев Борис Николаевич  |f 1880-1934  |g Андрей  |2 stltpush  |3 (RuTPU)RU\TPU\pers\512  |9 243 
801 0 |a RU  |b 63413507  |c 20011209  |g PSBO 
801 1 |a RU  |b 63413507  |c 20061024  |g PSBO 
801 2 |a RU  |b 63413507  |c 20150912  |g PSBO 
942 |c BK